POBLES DE LA TERRA ALTA - Estadísticas

Estadísticas generales
  • Esta prueba ha sido intentada 53 veces
  • La puntuación promedio es 10 de 12
Estadísticas de respuestas
INICIAL MUNICIPI % Correcto
G Gandesa
96%
H Horta de Sant Joan
96%
B Batea
92%
B Bot
92%
C Corbera d'Ebre
92%
A Arnes
85%
P el Pinell de Brai
85%
P la Pobla de Massaluca
81%
F la Fatarella
77%
P Prat de Compte
73%
V Vilalba dels Arcs
69%
C Caseres
62%
No se encontraron pruebas coincidentes
Distribución de puntuación
Porcentaje de gente con cada puntuación
Porcentaje por número respondido
Historial de tus puntuaciones
No has intentado esta prueba.